Guía de planificación y diseño de espacios asistenciales para el adulto mayor aspectos de accesibilidad y diseño universal

Saved in:
Bibliographic Details
Corporate Author: Ministerio de Salud (Author)
Format: Book
Language:Spanish
Published: Santiago Ministerio de Salud 2000
Subjects:
Tags: Add Tag
No Tags, Be the first to tag this record!

MARC

LEADER 00000nam a2200000 a 4500
001 UCI8249
003 CL-VaPUC
008 080821e20000000CL |||||||||||||||||spa|d
020 |a 9567711240 
082 0 4 |a 725.56  |b MIN  |2 21 
110 2 |a Ministerio de Salud  |e author  |9 531802 
245 1 0 |a Guía de planificación y diseño de espacios asistenciales para el adulto mayor aspectos de accesibilidad y diseño universal 
300 |a 68 p 
942 |c BK 
945 |d 20080821 00:00:00  |a rbrito 
260 |a Santiago  |b Ministerio de Salud  |c 2000 
650 7 |a CONSTRUCCION DE HOSPITALES  |2 CL-VaPUC  |9 520521 
650 0 |a Adulto mayor  |9 311317 
650 0 |a Diseño y construcción  |9 260862 
650 7 |a DIBUJOS ARQUITECTONICOS  |2 CL-VaPUC  |9 531803 
650 0 |a Planos arquitectónicos  |9 268148 
583 |a last modification  |c 20080821 00:00:00  |k Rodrigo Vera 
999 |c 331266  |d 331264 
952 |0 0  |1 0  |4 0  |6 725_560000000000000_MIN_2000  |7 0  |8 A  |9 417560  |a BIBARQ  |b BIBARQ  |d 2019-11-22  |i 447340K  |o 725.56 MIN 2000  |p 447340K  |r 2025-01-20  |w 2019-11-22  |y BK  |k ARQ